| 000 | 00372nam a2200121Ia 4500 | ||
|---|---|---|---|
| 008 | 220216s9999 xx 000 0 und d | ||
| 100 | _aBryant K C | ||
| 245 | 0 | _aBehaviour of highly-filled rubber vulcanisates | |
| 260 | _bProceedings of the 3rd Rubber Technology Conference, London, 1954; p655-669 | ||
| 650 | _aRubber vulcanisates | ||
| 700 | _aBisset D C | ||
| 942 | _cJS | ||
| 999 |
_c54687 _d54687 |
||